<?xml version="1.0" encoding="UTF-8"?><?xml-stylesheet type="text/xsl" href="static/style.xsl"?><OAI-PMH xmlns="http://www.openarchives.org/OAI/2.0/" xmlns:xsi="http://www.w3.org/2001/XMLSchema-instance" xsi:schemaLocation="http://www.openarchives.org/OAI/2.0/ http://www.openarchives.org/OAI/2.0/OAI-PMH.xsd"><responseDate>2026-06-29T09:25:27Z</responseDate><request verb="GetRecord" identifier="oai:docta.ucm.es:20.500.14352/103915" metadataPrefix="marc">https://docta.ucm.es/rest/oai/request</request><GetRecord><record><header><identifier>oai:docta.ucm.es:20.500.14352/103915</identifier><datestamp>2024-05-10T23:47:02Z</datestamp><setSpec>com_20.500.14352_14</setSpec><setSpec>col_20.500.14352_15</setSpec></header><metadata><record xmlns="http://www.loc.gov/MARC21/slim" xmlns:dcterms="http://purl.org/dc/terms/" xmlns:xsi="http://www.w3.org/2001/XMLSchema-instance" xmlns:doc="http://www.lyncode.com/xoai" xsi:schemaLocation="http://www.loc.gov/MARC21/slim http://www.loc.gov/standards/marcxml/schema/MARC21slim.xsd">
   <leader>00925njm 22002777a 4500</leader>
   <datafield ind2=" " ind1=" " tag="042">
      <subfield code="a">dc</subfield>
   </datafield>
   <datafield ind2=" " ind1=" " tag="720">
      <subfield code="a">Isidoro Matos, Jorge</subfield>
      <subfield code="e">author</subfield>
   </datafield>
   <datafield ind2=" " ind1=" " tag="720">
      <subfield code="a">García Rodríguez, Sara Nieves</subfield>
      <subfield code="e">author</subfield>
   </datafield>
   <datafield ind2=" " ind1=" " tag="720">
      <subfield code="a">Costa Rodríguez, Noelia</subfield>
      <subfield code="e">author</subfield>
   </datafield>
   <datafield ind2=" " ind1=" " tag="720">
      <subfield code="a">Caro Vadillo, Alicia</subfield>
      <subfield code="e">author</subfield>
   </datafield>
   <datafield ind2=" " ind1=" " tag="720">
      <subfield code="a">Carretón, Elena</subfield>
      <subfield code="e">author</subfield>
   </datafield>
   <datafield ind2=" " ind1=" " tag="720">
      <subfield code="a">Montoya Alonso, José Alberto</subfield>
      <subfield code="e">author</subfield>
   </datafield>
   <datafield ind2=" " ind1=" " tag="260">
      <subfield code="c">2023-11-25</subfield>
   </datafield>
   <datafield ind2=" " ind1=" " tag="520">
      <subfield code="a">Background: Dirofilaria immitis is a nematode that produces proliferative pulmonary endarteritis in dogs due to direct contact of the adult parasites with the intima layer of the pulmonary arteries, leading to irreversible severe structural damage and sustained pulmonary hypertension (PH), which can produce severe cardiorespiratory disorders. The purpose of this study was to assess the diagnostic value of the echocardiography tissue Doppler imaging (TDI) in determining the presence of PH in dogs with heartworm disease. Methods: There were 116 heartworm-infected dogs with PH and 33 healthy dogs included in the study. Based on the right pulmonary artery distensibility index (RPADi) &lt; 29.5%, PH was present in 47.4% of infected dogs. Additionally, the animals were evaluated using other standard alternative echocardiographic measures to estimate PH. Moreover, a total of eight echocardiographic measurements were analysed using the TDI to determine its usefulness in diagnosing PH (E′, A′, S, E′:A′, global TDI, HRI-IVCT, HRI-IVRT, R-TEI). Results: The TDI measurements showed significant differences between dogs with and without PH, demonstrating a positive correlation with respect to the RPADi. In addition, cut-off values for the detection of PH with excellent sensitivity and specificity were found for E′:A′, global TDI, HRI-IVCT, HRI-IVRT and R-TEI. Conclusions: The TDI mode may be useful as an adjunct diagnostic method for the determination of PH in dogs with Dirofilaria immitis.</subfield>
   </datafield>
   <datafield ind2=" " ind1=" " tag="520">
      <subfield code="a">Simple Summary: Tissue Doppler imaging is a useful echocardiographic technique to evaluate the systolic and diastolic function of the right ventricle and has been used as an estimator of pulmonary hypertension. The objective of this study was to evaluate the diagnostic value of tissue Doppler echocardiography to determine the presence of pulmonary hypertension in dogs with heartworm disease. A total of 116 heartworm-infected dogs and 33 healthy dogs were included in the study. Echocardiographic determinations were performed following established protocols to determine the presence of pulmonary hypertension in 47.4% of dogs infected with heartworm. Subsequently, a total of eight echocardiographic measurements were performed using tissue Doppler imaging to determine their usefulness in the diagnosis of pulmonary hypertension. Overall, the results showed significant differences with respect to the presence or absence of pulmonary hypertension. Furthermore, acceptable cut-off values were reported to estimate the presence of pulmonary hypertension in most echocardiographic measurements determined using tissue Doppler imaging. The measures analysed have demonstrated their usefulness as a complementary tool to determine pulmonary hypertension in dogs with Dirofilaria immitis.</subfield>
   </datafield>
   <datafield ind1="8" ind2=" " tag="024">
      <subfield code="a">Matos, J.I.; García-Rodríguez, S.N.; Costa-Rodríguez, N.; Caro-Vadillo, A.; Carretón, E.; Montoya-Alonso, J.A. Usefulness of Tissue Doppler Imaging for the Evaluation of Pulmonary Hypertension in Canine Heartworm Disease. Animals 2023, 13, 3647. https://doi.org/10.3390/ ani13233647</subfield>
   </datafield>
   <datafield ind1="8" ind2=" " tag="024">
      <subfield code="a">10.3390/ani13233647</subfield>
   </datafield>
   <datafield ind1="8" ind2=" " tag="024">
      <subfield code="a">https://hdl.handle.net/20.500.14352/103915</subfield>
   </datafield>
   <datafield ind1="8" ind2=" " tag="024">
      <subfield code="a">2076-2615</subfield>
   </datafield>
   <datafield ind1="8" ind2=" " tag="024">
      <subfield code="a">https://doi.org/10.3390/ani13233647</subfield>
   </datafield>
   <datafield ind1="8" ind2=" " tag="024">
      <subfield code="a">38066998</subfield>
   </datafield>
   <datafield ind1="8" ind2=" " tag="024">
      <subfield code="a">https://www.mdpi.com/journal/animals</subfield>
   </datafield>
   <datafield ind2="0" ind1="0" tag="245">
      <subfield code="a">Usefulness of Tissue Doppler Imaging for the Evaluation of Pulmonary Hypertension in Canine Heartworm Disease</subfield>
   </datafield>
</record></metadata></record></GetRecord></OAI-PMH>